[Event "GABIJ I"]
[Site "SchemingMind.com"]
[Date "2025.01.06"]
[Round "-"]
[White "Steven DuCharme"]
[Black "MazetaFighter"]
[Result "0-1"]
[WhiteCountry "USA"]
[BlackCountry "GRE"]
[WhiteElo "1488"]
[WhiteRD "67"]
[BlackElo "2136"]
[BlackRD "79"]
[GameID "750704"]

1. g3 d5 2. Bg2 e5 3. b3 Nf6 4. Bb2 Nc6 5. e3 Be6 6. Ne2 Qd7 7. O-O Bh3 8. f4 Bxg2 9. Kxg2 Bd6 10. fxe5 Bxe5
11. Bxe5 Nxe5 12. h3 O-O-O 13. d4 Ng6 14. Nd2 Qe6 15. Rf3 Rhe8 16. c4 c5 17. dxc5 dxc4 18. bxc4 Ne4 19. Qa4 Rxd2 20. Qxa7 Rxe2+
21. Kg1 Qa6
0-1

[Event "GABIJ I"]
[Site "SchemingMind.com"]
[Date "2025.01.08"]
[Round "-"]
[White "MazetaFighter"]
[Black "Steven DuCharme"]
[Result "1-0"]
[WhiteCountry "GRE"]
[BlackCountry "USA"]
[WhiteElo "2123"]
[WhiteRD "80"]
[BlackElo "1587"]
[BlackRD "63"]
[GameID "750705"]

1. e4 d6 2. d4 g6 3. Nc3 Bg7 4. Be3 Nf6 5. f3 O-O 6. Bc4 a6 7. e5 dxe5 8. dxe5 Qxd1+ 9. Rxd1 Nfd7 10. e6 fxe6
11. Bxe6+ Kh8 12. Nge2 Nb6 13. Bxc8 Nxc8 14. Nd4 Bxd4 15. Bxd4+ Kg8 16. Nd5
1-0

[Event "GABIJ I"]
[Site "SchemingMind.com"]
[Date "2025.01.07"]
[Round "-"]
[White "Steven DuCharme"]
[Black "Ronald R. Nurmi"]
[Result "1/2-1/2"]
[WhiteCountry "USA"]
[BlackCountry "USA"]
[WhiteElo "1587"]
[WhiteRD "63"]
[BlackElo "1636"]
[BlackRD "77"]
[GameID "750706"]

1. e4 c6 2. Nf3 g6 3. d4 Bg7 4. c3 d5 5. Bd3 Nh6 6. e5 O-O 7. h3 f6 8. Bxh6 Bxh6 9. O-O Nd7 10. Re1 e6
11. exf6 Rxf6 12. a4 a6 13. Nbd2 Nf8 14. b4 Bd7 15. Ne5 Bg7 16. Ng4 Rf7 17. Nf1 Qe8 18. Qd2 Qc8 19. Nh6+ Bxh6 20. Qxh6 Qd8
21. f4 Rg7 22. a5 Qf6 23. Re5 Re8 24. g4 Rge7 25. Rae1 Bc8 26. Qg5 Qxg5 27. fxg5 Rf7 28. Kg2 Kg7 29. Ng3 Rfe7 30. h4 Bd7
31. h5 Bc8 32. h6+=
1/2-1/2

[Event "GABIJ I"]
[Site "SchemingMind.com"]
[Date "2025.01.06"]
[Round "-"]
[White "Ronald R. Nurmi"]
[Black "Steven DuCharme"]
[Result "1-0"]
[WhiteCountry "USA"]
[BlackCountry "USA"]
[WhiteElo "1636"]
[WhiteRD "77"]
[BlackElo "1587"]
[BlackRD "63"]
[GameID "750707"]

1. d4 Nf6 2. Bg5 b6 3. Nd2 Bb7 4. Ngf3 Ne4 5. Nxe4 Bxe4 6. Nd2 h6 7. Bf4 Bb7 8. e4 e6 9. Bd3 Be7 10. O-O d6
11. Nf3 Nd7 12. Re1 g5 13. Be3 h5 14. Rf1 h4 15. Ne1 a6 16. c4 c5 17. d5 Ne5 18. Be2 Qd7 19. Qd2 exd5 20. exd5 Qf5
21. b3 g4 22. f4 gxf3 23. Nxf3 Ng4 24. Nxh4 Nxe3 25. Nxf5
1-0

[Event "GABIJ I"]
[Site "SchemingMind.com"]
[Date "2025.01.06"]
[Round "-"]
[White "Steven DuCharme"]
[Black "Phillip Beckett"]
[Result "1-0"]
[WhiteCountry "USA"]
[BlackCountry "ENG"]
[WhiteElo "1488"]
[WhiteRD "67"]
[BlackElo "1459"]
[BlackRD "50"]
[GameID "750708"]

1. Nf3 Nf6 2. c4 e6 3. d4 d5 4. e3 Be7 5. Be2 O-O 6. O-O dxc4 7. Bxc4 Nbd7 8. a3 c5 9. Nc3 cxd4 10. Nxd4 Nb6
11. Ba2 Nbd5 12. Bd2 Nxc3 13. Bxc3 Nd5 14. Bxd5 Qxd5 15. Qf3 Qxf3 16. Nxf3 Bd7 17. Rfd1 Bc6 18. Nd4 Bd5 19. Nf5 exf5 20. Rxd5 Rad8
21. Rad1 Rxd5 22. Rxd5 g6 23. Rd7 Bc5 24. Rxb7 Rc8 25. g3 Bxa3 26. Rxa7 Bc5 27. Rb7 Bf8 28. f4= Bc5 29. Kf2 Re8 30. Bd4 Bf8
31. b4 Re7 32. Rxe7 Bxe7 33. b5 Bd8 34. Ba7
1-0

[Event "GABIJ I"]
[Site "SchemingMind.com"]
[Date "2025.01.06"]
[Round "-"]
[White "Phillip Beckett"]
[Black "Steven DuCharme"]
[Result "0-1"]
[WhiteCountry "ENG"]
[BlackCountry "USA"]
[WhiteElo "1505"]
[WhiteRD "51"]
[BlackElo "1587"]
[BlackRD "63"]
[GameID "750709"]

1. e4 c5 2. Nf3 Nc6 3. d4 cxd4 4. Nxd4 Nf6 5. Nc3 e6 6. Ndb5 d6 7. Bg5 a6 8. Na3 Be7 9. f4 O-O 10. Qf3 Nd4
11. Qd3 e5 12. fxe5 dxe5 13. O-O-O Bg4 14. Ne2 Nxe2+ 15. Bxe2 Qxd3 16. Bxd3 Bxd1 17. Rxd1 b5 18. c3 h6 19. Bh4 Rfd8 20. Nc2 g5
21. Bg3 Bd6 22. Ne3 Bc5 23. Nd5 Nxd5 24. exd5 Be3+ 25. Kc2 f6 26. Bf5 Rd6 27. Be6+ Kf8 28. Rd3 Bb6 29. h4 Re8 30. hxg5 hxg5
31. Rf3 Kg7 32. Be1 a5 33. Rh3 Rdxe6 34. dxe6 Rxe6 35. Rd3 g4 36. Rg3 f5 37. Kd3 Rd6+ 38. Kc2 Kh6 39. Rd3 Rxd3 40. Kxd3 Kg5
41. c4 e4+ 42. Kc3 b4+ 43. Kc2 f4 44. a3 Bc5 45. axb4 axb4 46. Kb3 g3 47. Bxb4 Bxb4 48. Kxb4 f3 49. gxf3 exf3
0-1

[Event "GABIJ I"]
[Site "SchemingMind.com"]
[Date "2025.01.06"]
[Round "-"]
[White "Steven DuCharme"]
[Black "JAHI"]
[Result "*"]
[WhiteCountry "USA"]
[BlackCountry "INT"]
[WhiteElo "1603"]
[WhiteRD "69"]
[BlackElo "2160"]
[BlackRD "87"]
[GameID "750710"]

1. g3 h6 2. Bg2 h5 3. d4 h4 4. gxh4 Rxh4 5. Nf3 Rh8 6. h4 d6 7. Bf4 Nf6 8. Nbd2 Nh5 9. Bg3 Nxg3 10. fxg3 g6
11. O-O c6 12. e4 Bg4 13. Qe1 Bxf3 14. Rxf3 Bg7 15. e5 dxe5 16. dxe5 Qd4+ 17. Qe3 Bxe5 18. Qxd4 Bxd4+ 19. Kf1 Nd7 20. c3 Bb6
21. Nc4 Rh5 22. Re1 Bc7 23. Bh3 Rd8 24. Rd3 e6 25. Bxe6 fxe6 26. Rxe6+ Kf7 27. Rde3
*

[Event "GABIJ I"]
[Site "SchemingMind.com"]
[Date "2025.01.06"]
[Round "-"]
[White "JAHI"]
[Black "Steven DuCharme"]
[Result "*"]
[WhiteCountry "INT"]
[BlackCountry "USA"]
[WhiteElo "2160"]
[WhiteRD "87"]
[BlackElo "1603"]
[BlackRD "69"]
[GameID "750711"]

1. c3 e5 2. c4 Nc6 3. Nc3 Nf6 4. d3 d5 5. cxd5 Nxd5 6. g3 Bb4 7. Bd2 Bxc3 8. bxc3 O-O 9. Bg2 Be6 10. h3 f5
11. a3 f4 12. Nf3 fxg3 13. fxg3 h6 14. Qa4 Nb6 15. Qh4 Qxh4 16. Nxh4 Rf6 17. a4 g5 18. a5 Nd5 19. Nf3 a6 20. c4 Ndb4
21. Rb1 Nc2+ 22. Kd1 N2d4 23. Rxb7 Ra7 24. Nxd4 exd4
*

[Event "GABIJ I"]
[Site "SchemingMind.com"]
[Date "2025.01.06"]
[Round "-"]
[White "Steven DuCharme"]
[Black "Chesswitchery"]
[Result "1-0"]
[WhiteCountry "USA"]
[BlackCountry "USA"]
[WhiteElo "1587"]
[WhiteRD "63"]
[BlackElo "1552"]
[BlackRD "57"]
[GameID "750712"]

1. c4 e5 2. Nc3 Nf6 3. g3 Nc6 4. Bg2 Bb4 5. Nd5 Bc5 6. a3 O-O 7. b4 Bd4 8. Rb1 Bxf2+ 9. Kxf2 Ng4+ 10. Ke1 d6
11. h3 Nf6 12. Nxf6+ Qxf6 13. Nf3 e4 14. Nh4 Qe5 15. Kf2 Qf6+ 16. Kg1 Qd4+ 17. e3 Qxc4 18. Bf1 Qe6 19. Qb3 d5 20. Ng2 Ne7
21. Nf4 Qd6 22. d4 Be6 23. Rh2 Ng6 24. Nxe6 fxe6 25. Rg2 Rf6 26. a4 Raf8 27. Bd2 Rf2 28. Rxf2 Qxg3+ 29. Rg2 Qxh3 30. Be1 Qf5
31. Bg3 Qh3 32. Qc2 c6 33. b5 Nh4 34. Bxh4 Qxh4 35. bxc6 bxc6 36. Rb7
1-0

[Event "GABIJ I"]
[Site "SchemingMind.com"]
[Date "2025.01.06"]
[Round "-"]
[White "Chesswitchery"]
[Black "Steven DuCharme"]
[Result "0-1"]
[WhiteCountry "USA"]
[BlackCountry "USA"]
[WhiteElo "1552"]
[WhiteRD "57"]
[BlackElo "1587"]
[BlackRD "63"]
[GameID "750713"]

1. d4 Nf6 2. c4 b6 3. Nf3 Bb7 4. e3 e6 5. Nc3 Bb4 6. Be2 Ne4 7. Qb3 Na6 8. O-O Nxc3 9. bxc3 Be7 10. Ba3 Bxa3
11. Qxa3 Qe7 12. Qxe7+ Kxe7 13. Rfd1 f6 14. Nd2 h5 15. e4 g5 16. e5 fxe5 17. dxe5 Nc5 18. Bf3 Bxf3 19. Nxf3 Rag8 20. Nd4 a6
21. f3 c6 22. Rab1 b5 23. cxb5 axb5 24. Nxc6+ dxc6 25. Rd6 Rc8 26. Rbd1 Rhd8 27. R6d4 Rxd4 28. cxd4 Na4 29. Rc1 Nb6 30. g3 Kd7
31. h3 Na4 32. Kg2 c5 33. dxc5 Rxc5 34. Rd1+ Ke7 35. f4 gxf4 36. gxf4 Rc2+ 37. Kg3 Rxa2 38. Kh4 Nc3 39. Rc1 b4 40. Kxh5 Rh2
41. Kg4 Nd5 42. Kg3 Ra2 43. Rb1 Ra3+ 44. Kg4 b3 45. h4 Nc3 46. Rb2 Na4 47. Rb1 Nc3 48. Rb2 Nd5 49. Kg5 Ne3 50. h5 Nc4
51. Rxb3 Rxb3 52. Kg6 Rg3+
0-1

[Event "GABIJ I"]
[Site "SchemingMind.com"]
[Date "2025.01.07"]
[Round "-"]
[White "Steven DuCharme"]
[Black "Mariano51"]
[Result "0-1"]
[WhiteCountry "USA"]
[BlackCountry "CUB"]
[WhiteElo "1488"]
[WhiteRD "67"]
[BlackElo "2018"]
[BlackRD "112"]
[GameID "750714"]

1. Nf3 d5 2. b3 Bf5 3. Bb2 e6 4. g3 Nc6 5. Bg2 Qd7 6. O-O O-O-O 7. Nd4 Nxd4 8. Bxd4 h5 9. Bxa7 h4 10. c4 hxg3
11. hxg3 d4 12. d3 e5 13. a4 Bh3
0-1

[Event "GABIJ I"]
[Site "SchemingMind.com"]
[Date "2025.01.06"]
[Round "-"]
[White "Mariano51"]
[Black "Steven DuCharme"]
[Result "1/2-1/2"]
[WhiteCountry "CUB"]
[BlackCountry "USA"]
[WhiteElo "2133"]
[WhiteRD "86"]
[BlackElo "1587"]
[BlackRD "63"]
[GameID "750715"]

1. e4 c6 2. d4 d5 3. Nc3 dxe4 4. Nxe4 Nf6 5. Nxf6+ exf6 6. Nf3 Bd6 7. Bd3 Qe7+ 8. Be3 Bf4 9. Qd2 O-O 10. O-O-O Bxe3
11. Qxe3 Qxe3+ 12. fxe3 Bg4 13. h3 Bh5 14. Rhe1 Nd7 15. g4 Bg6 16. e4 Rfe8 17. c3 h6 18. Nh4 Nf8 19. Re3 Bh7 20. Nf5 Bxf5
21. gxf5 Rad8 22. h4 g5 23. hxg5 hxg5 24. Rh1 Kg7 25. Reh3 a6 26. Rh6 b5 27. e5 Rxe5 28. Rh8 Re1+ 29. Rxe1=
1/2-1/2

[Event "GABIJ I"]
[Site "SchemingMind.com"]
[Date "2025.01.07"]
[Round "-"]
[White "Steven DuCharme"]
[Black "Nioro"]
[Result "0-1"]
[WhiteCountry "USA"]
[BlackCountry "CUB"]
[WhiteElo "1488"]
[WhiteRD "67"]
[BlackElo "1959"]
[BlackRD "108"]
[GameID "750720"]

1. c4 e5 2. Nc3 Nf6 3. b3 d5 4. cxd5 Nxd5 5. Nxd5 Qxd5 6. Bb2 Nc6 7. e3 Bf5 8. a3 Na5 9. Rc1 O-O-O 10. b4 Nb3
11. Rc3 Nxd2 12. Qc1 Nxf1 13. Rxc7+ Kb8 14. Kxf1 Bd3+ 15. Ne2 Bc4
0-1

[Event "GABIJ I"]
[Site "SchemingMind.com"]
[Date "2025.01.07"]
[Round "-"]
[White "Nioro"]
[Black "Steven DuCharme"]
[Result "1-0"]
[WhiteCountry "CUB"]
[BlackCountry "USA"]
[WhiteElo "1959"]
[WhiteRD "108"]
[BlackElo "1488"]
[BlackRD "67"]
[GameID "750721"]

1. d4 f5 2. c4 e6 3. g3 Bb4+ 4. Bd2 a5 5. Nf3 Nf6 6. Bg2 Qe7 7. O-O Bxd2 8. Qxd2 O-O 9. Nc3 Nc6 10. d5 exd5
11. cxd5 Ne5 12. Nd4 d6 13. Rac1 Bd7 14. Ncb5 Bxb5 15. Nxb5 c6 16. dxc6 bxc6 17. Qxd6 Qxd6 18. Nxd6 Rfc8 19. Nxc8 Rxc8 20. Rc5
1-0

[Event "GABIJ I"]
[Site "SchemingMind.com"]
[Date "2025.01.08"]
[Round "-"]
[White "MazetaFighter"]
[Black "Ronald R. Nurmi"]
[Result "*"]
[WhiteCountry "GRE"]
[BlackCountry "USA"]
[WhiteElo "2108"]
[WhiteRD "81"]
[BlackElo "1643"]
[BlackRD "80"]
[GameID "750722"]

1. e4 d5 2. exd5 Qxd5 3. Nc3 Qd6 4. d4 Nf6 5. Nf3 c6 6. Ne5 Nbd7 7. Nc4 Qc7 8. Qf3 Nb6 9. Bf4 Qd7 10. O-O-O Qg4
11. Qxg4 Bxg4 12. f3 Be6 13. Nxb6 axb6 14. Bc7 b5 15. d5 Nxd5 16. Nxd5 Bxd5 17. Bxb5 Rc8 18. Bxc6+ bxc6 19. Bb6 e6 20. a3 Be7
21. b3 c5 22. c4 Bb7 23. Rd3 O-O 24. Rd7 Bg5+ 25. Kb1 Bc6 26. Rc7 Rxc7 27. Bxc7 Rc8 28. Ba5 Bd8 29. Bc3 Rb8 30. Ka2 Rb7
31. b4 Be7 32. b5 Bd7 33. a4 f6 34. a5 e5 35. a6 Ra7 36. Ba5 Bc8 37. Bb6 Rd7 38. a7 Bb7 39. Kb3 Kf7 40. Kc3 Ba8
41. Ra1 Rb7 42. Ra6 h5 43. Ba5 Kg6 44. Kb3 Kf5 45. Bd2 g5 46. Kc2 e4 47. fxe4+ Kxe4 48. Bc3 Kf5
*

[Event "GABIJ I"]
[Site "SchemingMind.com"]
[Date "2025.01.06"]
[Round "-"]
[White "Ronald R. Nurmi"]
[Black "MazetaFighter"]
[Result "0-1"]
[WhiteCountry "USA"]
[BlackCountry "GRE"]
[WhiteElo "1636"]
[WhiteRD "77"]
[BlackElo "2123"]
[BlackRD "80"]
[GameID "750723"]

1. d4 d5 2. c4 e6 3. Nf3 Nf6 4. Nc3 c6 5. Bg5 h6 6. Bh4 dxc4 7. e4 g5 8. Bg3 b5 9. Be2 Bb7 10. Qc2 Nh5
11. Be5 Rg8 12. h4 Nf6 13. Bxb8 Rxb8 14. e5 b4 15. exf6 bxc3 16. Qxc3 Ba6 17. Bxc4 Bb4
0-1

[Event "GABIJ I"]
[Site "SchemingMind.com"]
[Date "2025.01.08"]
[Round "-"]
[White "MazetaFighter"]
[Black "Phillip Beckett"]
[Result "1-0"]
[WhiteCountry "GRE"]
[BlackCountry "ENG"]
[WhiteElo "2136"]
[WhiteRD "79"]
[BlackElo "1459"]
[BlackRD "50"]
[GameID "750724"]

1. e4 e5 2. Nf3 Nc6 3. Bb5 a6 4. Ba4 Nf6 5. O-O Be7 6. Re1 b5 7. Bb3 O-O 8. c3 d5 9. exd5 Nxd5 10. Nxe5 Nxe5
11. Rxe5 Nf6 12. d4 Bd6 13. Re1 Ng4 14. h3 Qh4 15. Qf3 Nxf2 16. Re2 Bb7 17. Qxf2 Bg3 18. Qf5 Rae8 19. Rxe8 Bf2+ 20. Qxf2
1-0

[Event "GABIJ I"]
[Site "SchemingMind.com"]
[Date "2025.01.06"]
[Round "-"]
[White "Phillip Beckett"]
[Black "MazetaFighter"]
[Result "0-1"]
[WhiteCountry "ENG"]
[BlackCountry "GRE"]
[WhiteElo "1459"]
[WhiteRD "50"]
[BlackElo "2136"]
[BlackRD "79"]
[GameID "750725"]

1. e4 c5 2. Nf3 d6 3. d4 cxd4 4. Nxd4 Nf6 5. Nc3 a6 6. Bg5 e6 7. f4 Qb6 8. Qd2 Qxb2 9. Nb3 Qa3 10. Bd3 Be7
11. O-O h6 12. Bh4 Nxe4 13. Nxe4 Bxh4 14. Nxd6+ Qxd6 15. g3 Qb6+ 16. Kh1 Bf6 17. Rad1 O-O 18. Be4 Bd7 19. f5 exf5 20. Bxf5 Bc6+
0-1

[Event "GABIJ I"]
[Site "SchemingMind.com"]
[Date "2025.01.08"]
[Round "-"]
[White "MazetaFighter"]
[Black "JAHI"]
[Result "*"]
[WhiteCountry "GRE"]
[BlackCountry "INT"]
[WhiteElo "2108"]
[WhiteRD "81"]
[BlackElo "2160"]
[BlackRD "87"]
[GameID "750726"]

1. e4 d6 2. d4 g6 3. Nc3 Bg7 4. Be3 h6 5. Qd2 c6 6. O-O-O Na6 7. Bxa6 bxa6 8. f3 Kf8 9. Nge2 Nf6 10. g4 Bd7
11. h4 h5 12. g5 Ne8 13. e5 Kg8 14. Ne4 a5 15. Bf4 Be6 16. N2c3 Bf5 17. Ng3
*

[Event "GABIJ I"]
[Site "SchemingMind.com"]
[Date "2025.01.06"]
[Round "-"]
[White "JAHI"]
[Black "MazetaFighter"]
[Result "*"]
[WhiteCountry "INT"]
[BlackCountry "GRE"]
[WhiteElo "2160"]
[WhiteRD "87"]
[BlackElo "2108"]
[BlackRD "81"]
[GameID "750727"]

1. c3 e5 2. c4 Nf6 3. Nc3 d5 4. cxd5 Nxd5 5. g3 c6 6. Bg2 Nxc3 7. bxc3 Bc5 8. h3 O-O 9. d3 Be6 10. a3 f5
11. a4 Qb6 12. a5 Bxf2+ 13. Kf1 Qc5 14. d4 Qxc3 15. Ra3 Qxd4 16. Rd3 Qc5 17. Ba3 Qxa5 18. Kxf2 Re8 19. Qd2 Qxd2 20. Rxd2 Nd7
21. Nf3 e4 22. Nd4 Ne5 23. Nxe6 Rxe6 24. Rd4 a5 25. g4 fxg4 26. Rxe4 gxh3
*

[Event "GABIJ I"]
[Site "SchemingMind.com"]
[Date "2025.01.07"]
[Round "-"]
[White "MazetaFighter"]
[Black "Chesswitchery"]
[Result "1-0"]
[WhiteCountry "GRE"]
[BlackCountry "USA"]
[WhiteElo "2123"]
[WhiteRD "80"]
[BlackElo "1552"]
[BlackRD "57"]
[GameID "750728"]

1. e4 d5 2. exd5 Nf6 3. Nc3 Nxd5 4. Bc4 Nxc3 5. bxc3 e6 6. Nf3 Nc6 7. d4 Bd6 8. O-O O-O 9. Re1 Bd7 10. Bg5 f6
11. Bh4 Na5 12. Bd3 g5 13. Bg3 Bxg3 14. hxg3 Nc6 15. Bc4 Qe7 16. d5 Ne5 17. Nxe5 fxe5 18. Rxe5 Rf5 19. Rxf5 exf5 20. d6+
1-0

[Event "GABIJ I"]
[Site "SchemingMind.com"]
[Date "2025.01.06"]
[Round "-"]
[White "Chesswitchery"]
[Black "MazetaFighter"]
[Result "0-1"]
[WhiteCountry "USA"]
[BlackCountry "GRE"]
[WhiteElo "1552"]
[WhiteRD "57"]
[BlackElo "2123"]
[BlackRD "80"]
[GameID "750729"]

1. d4 Nf6 2. c4 g6 3. Nf3 Bg7 4. e3 O-O 5. Nc3 d6 6. Be2 Nbd7 7. O-O e5 8. dxe5 dxe5 9. e4 c6 10. Bg5 Qc7
11. Rc1 Nc5 12. Bxf6 Bxf6 13. b3 Rd8 14. Qc2 Bg4 15. Rfe1 Bxf3 16. gxf3 Ne6 17. Rcd1 Nf4 18. Bf1 Qa5 19. Rxd8+ Rxd8 20. a4 Be7
21. Re3 Bc5 22. Re1 Bb4 23. Re3 Bc5 24. Re1 Ne6 25. Qc1 Qb6 26. Qb2 Nd4 27. Be2 Nxb3 28. Rb1 Nd4 29. Qxb6 Nxe2+
0-1

[Event "GABIJ I"]
[Site "SchemingMind.com"]
[Date "2025.01.08"]
[Round "-"]
[White "MazetaFighter"]
[Black "Mariano51"]
[Result "*"]
[WhiteCountry "GRE"]
[BlackCountry "CUB"]
[WhiteElo "2108"]
[WhiteRD "81"]
[BlackElo "2225"]
[BlackRD "76"]
[GameID "750730"]

1. e4 c5 2. Nf3 e6 3. d3 d5 4. Nbd2 Nc6 5. g3 Nf6 6. Bg2 Be7 7. O-O O-O 8. Re1 Qc7 9. e5 Nd7 10. Qe2 h6
11. Nf1 b5 12. h4 Bb7 13. Ne3 Rfc8 14. Ng4 Bf8 15. c3 a5 16. Bd2 a4 17. a3 b4 18. Qd1 Na5 19. Qxa4 c4 20. Qd1= bxa3
21. d4 Nb3 22. Ra2 axb2 23. Rxb2 Ra3 24. Kh1 Bc6 25. Ng1 Qa5 26. f4 Nxd2 27. Qxd2 Qxc3 28. Qxc3 Rxc3 29. Ne3 Rd3 30. Nf3 Rb8
31. Rxb8 Nxb8 32. f5 Bb4
*

[Event "GABIJ I"]
[Site "SchemingMind.com"]
[Date "2025.01.06"]
[Round "-"]
[White "Mariano51"]
[Black "MazetaFighter"]
[Result "1/2-1/2"]
[WhiteCountry "CUB"]
[BlackCountry "GRE"]
[WhiteElo "2018"]
[WhiteRD "112"]
[BlackElo "2136"]
[BlackRD "79"]
[GameID "750731"]

1. e4 c5 2. Nf3 d6 3. d4 cxd4 4. Nxd4 Nf6 5. Nc3 a6 6. f3 e5 7. Nb3 Be6 8. Be3 Nbd7 9. g4 Be7 10. Qd2 b5
11. O-O-O O-O 12. g5 Nh5 13. Nd5 Bxd5 14. exd5 f6 15. gxf6 Bxf6 16. Na5 Qe8 17. Bh3 Kh8 18. Kb1 Nf4 19. Bxf4 exf4 20. Qxf4 Ne5
21. Qb4 Rb8 22. Rhe1 Qg6 23. Nc6 Rbe8 24. a3 Nc4=
1/2-1/2

[Event "GABIJ I"]
[Site "SchemingMind.com"]
[Date "2025.01.08"]
[Round "-"]
[White "MazetaFighter"]
[Black "Nioro"]
[Result "*"]
[WhiteCountry "GRE"]
[BlackCountry "CUB"]
[WhiteElo "2108"]
[WhiteRD "81"]
[BlackElo "2035"]
[BlackRD "93"]
[GameID "750736"]

1. e4 c5 2. Nf3 Nc6 3. Bb5 e6 4. O-O Nge7 5. Re1 a6 6. Bf1 d5 7. exd5 exd5 8. d4 cxd4 9. Nxd4 Nxd4 10. Qxd4 Be6
11. Nc3 Nc6 12. Qxd5 Bb4 13. Qxd8+ Rxd8 14. Bg5 Rc8 15. Rad1 O-O 16. a3 Bxc3 17. bxc3 h6 18. Bf4 Bf5 19. Bd3 Bxd3 20. cxd3 Na5
21. c4 Rfd8 22. Kf1 Nb3 23. Ke2 Nd4+ 24. Kf1 Nc2 25. Re4 Nxa3 26. Ke2 b5 27. Ra1 b4 28. Bc1 Nc2 29. Rxa6 Nd4+ 30. Ke1 Ne6
*

[Event "GABIJ I"]
[Site "SchemingMind.com"]
[Date "2025.01.07"]
[Round "-"]
[White "Nioro"]
[Black "MazetaFighter"]
[Result "*"]
[WhiteCountry "CUB"]
[BlackCountry "GRE"]
[WhiteElo "2035"]
[WhiteRD "93"]
[BlackElo "2108"]
[BlackRD "81"]
[GameID "750737"]

1. d4 d5 2. c4 e6 3. Nc3 Nf6 4. Bg5 Nbd7 5. e3 c6 6. Nf3 Qa5 7. Nd2 Bb4 8. Qc2 dxc4 9. Bxf6 Nxf6 10. Nxc4 Qc7
11. a3 Be7 12. Be2 O-O 13. O-O b6 14. b4 Ba6 15. Rfc1 Rfd8 16. Ne5 Bxe2 17. Nxe2 c5 18. bxc5 bxc5 19. Nf4 Rac8 20. Nfd3 Bd6
21. f4 cxd4 22. Qxc7 Rxc7 23. Rxc7 Bxc7 24. Rc1 Bb6 25. Nc6 Re8 26. exd4 Kf8 27. a4 a5= 28. Nc5 Rc8 29. Ne5 Bxc5 30. dxc5 Nd5
31. g3 Ke7 32. c6 f6= 33. Nf3 Nb6 34. Nd4 Nxa4 35. Ra1 Nb6 36. Rxa5 g6 37. Rb5 Na8 38. Rb7+ Kd6 39. Rxh7 Kd5 40. Rd7+ Ke4
41. Rd6 Nc7 42. Nb3 Nb5 43. Rxe6+ Kf5 44. Nc5 Nd4 45. Rd6 Rxc6 46. Rxc6 Nxc6= 47. Kf2 g5 48. fxg5 fxg5 49. Nb7 Ne5 50. Nd6+ Ke6
51. Ne4 g4 52. Ke3 Kf5 53. Nd6+
*

[Event "GABIJ I"]
[Site "SchemingMind.com"]
[Date "2025.01.06"]
[Round "-"]
[White "Ronald R. Nurmi"]
[Black "Phillip Beckett"]
[Result "0-1"]
[WhiteCountry "USA"]
[BlackCountry "ENG"]
[WhiteElo "1636"]
[WhiteRD "77"]
[BlackElo "1505"]
[BlackRD "51"]
[GameID "750738"]

1. d4 d5 2. c4 e6 3. Nf3 Nf6 4. Bg5 Be7 5. Nc3 h6 6. Bh4 O-O 7. e3 Ne4 8. Bxe7 Qxe7 9. Rc1 Nxc3 10. Rxc3 c6
11. Bd3 dxc4 12. Bxc4 Nd7 13. O-O e5 14. dxe5 Nxe5 15. Be2 Nxf3+ 16. Bxf3 Be6 17. b3 Rfd8 18. Qc2 Qd6 19. Rd1 Qc7 20. Rcd3 g6
21. Be2 Rxd3 22. Rxd3 Bf5 23. g3 Bxd3 24. Bxd3 Kg7 25. Qc3+ Kh7 26. Kg2 Rd8 27. Be4 Qd6 28. Qc4 Rd7 29. Bf3 Qe6 30. Qa4 a6
31. Qb4 Qd6 32. Qc4 b5 33. Qc3 Rc7
0-1

[Event "GABIJ I"]
[Site "SchemingMind.com"]
[Date "2025.01.06"]
[Round "-"]
[White "Phillip Beckett"]
[Black "Ronald R. Nurmi"]
[Result "1-0"]
[WhiteCountry "ENG"]
[BlackCountry "USA"]
[WhiteElo "1505"]
[WhiteRD "51"]
[BlackElo "1636"]
[BlackRD "77"]
[GameID "750739"]

1. e4 c6 2. d4 d5 3. Nc3 dxe4 4. Nxe4 Bf5 5. Ng3 Bg6 6. c3 e6 7. Nf3 Nd7 8. Bd3 Bxd3 9. Qxd3 Ngf6 10. O-O Be7
11. Bg5 O-O 12. Rad1 h6 13. Bc1 Nb6 14. Rfe1 Nbd5 15. Ne5 Rc8 16. Ne4 Nxe4 17. Qxe4 Nf6 18. Qe2 Qc7 19. Bf4 Qd8 20. Ng4 Nxg4
21. Qxg4 Bg5 22. Bxg5 Qxg5 23. Qxg5 hxg5 24. Re5 Rcd8 25. Rxg5 f6 26. Rg3 e5 27. Rgd3 e4 28. Re3 Rfe8 29. Rde1 f5 30. f3
1-0

[Event "GABIJ I"]
[Site "SchemingMind.com"]
[Date "2025.01.06"]
[Round "-"]
[White "Ronald R. Nurmi"]
[Black "JAHI"]
[Result "0-1"]
[WhiteCountry "USA"]
[BlackCountry "INT"]
[WhiteElo "1636"]
[WhiteRD "77"]
[BlackElo "2130"]
[BlackRD "82"]
[GameID "750740"]

1. d4 c6 2. c4 d6 3. Nc3 g6 4. e4 Bg7 5. Be3 h6 6. Bd3 Na6 7. a3 c5 8. Nf3 Bg4 9. Be2 Kf8 10. h3 Bxf3
11. Bxf3 cxd4 12. Bxd4 Nc5 13. Bxg7+ Kxg7 14. Qd4+ Kh7 15. Rd1 Ne6 16. Qd5 Nf6 17. Qxb7 Nc5 18. Qc6 Rc8 19. Qb5 a6
0-1

[Event "GABIJ I"]
[Site "SchemingMind.com"]
[Date "2025.01.07"]
[Round "-"]
[White "JAHI"]
[Black "Ronald R. Nurmi"]
[Result "*"]
[WhiteCountry "INT"]
[BlackCountry "USA"]
[WhiteElo "2160"]
[WhiteRD "87"]
[BlackElo "1643"]
[BlackRD "80"]
[GameID "750741"]

1. c3 Nf6 2. c4 g6 3. h3 Bg7 4. h4 d6 5. h5 Nxh5 6. Rxh5 gxh5 7. e3 Bg4 8. Be2 Bxe2 9. Qxe2 Nc6 10. Qxh5 e5
11. Nc3 Qf6 12. Nd5 Qg6 13. Qxg6 hxg6 14. Nxc7+ Kd7 15. Nxa8 Rxa8 16. d3 Rh8 17. Bd2 f5 18. Kf1 b6 19. Bc3 Ke6 20. Rd1 Re8
21. Nf3 Bf6 22. d4 Kf7 23. a3 e4
*

[Event "GABIJ I"]
[Site "SchemingMind.com"]
[Date "2025.01.06"]
[Round "-"]
[White "Ronald R. Nurmi"]
[Black "Chesswitchery"]
[Result "1-0"]
[WhiteCountry "USA"]
[BlackCountry "USA"]
[WhiteElo "1636"]
[WhiteRD "77"]
[BlackElo "1552"]
[BlackRD "57"]
[GameID "750742"]

1. d4 d5 2. c4 e6 3. Nf3 c5 4. cxd5 exd5 5. Nc3 Nc6 6. g3 Nf6 7. Bg2 cxd4 8. Nxd4 Be7 9. O-O O-O 10. Be3 Be6
11. Rc1 Rc8 12. Na4 Qd7 13. Nxe6 fxe6 14. a3 Ng4 15. Bd2 b6 16. b4 Bd6 17. Nb2 Nce5 18. h3 Nf6 19. Bc3 Ng6 20. Qd2 Be7
21. Rc2 b5 22. e3 e5 23. Nd3 e4 24. Nf4 Nxf4 25. exf4 Rc4 26. Rd1 Rd8 27. Bxf6 Bxf6 28. Rxc4 bxc4 29. Bxe4 Qxh3 30. Bxd5+ Kh8
31. Qe2 Qd7 32. Qxc4 Rc8 33. Qe2 Rd8 34. Bb3 Qe7 35. Qxe7 Rxd1+ 36. Bxd1 Bxe7 37. Kg2 g6 38. Bb3 h5 39. Kf3 Kg7 40. Bd5 Kf6
41. Be4 g5 42. fxg5+ Kxg5 43. Ke3 Kh6 44. f3 Bd6 45. f4 Be7 46. Bf3 Bd6 47. Ke4 Kg6 48. Kd5 Bc7 49. a4
1-0

[Event "GABIJ I"]
[Site "SchemingMind.com"]
[Date "2025.01.06"]
[Round "-"]
[White "Chesswitchery"]
[Black "Ronald R. Nurmi"]
[Result "0-1"]
[WhiteCountry "USA"]
[BlackCountry "USA"]
[WhiteElo "1552"]
[WhiteRD "57"]
[BlackElo "1636"]
[BlackRD "77"]
[GameID "750743"]

1. d4 d5 2. c4 c6 3. Nf3 Nf6 4. Nc3 dxc4 5. e3 b5 6. Be2 e6 7. O-O Bb7 8. Qc2 Be7 9. Ne4 Nbd7 10. Bd2 O-O
11. Rac1 Rc8 12. a3 a6 13. b4 cxb3 14. Nxf6+ Nxf6 15. Qxb3 c5 16. dxc5 Bxf3 17. Bxf3 Qxd2 18. Rcd1 Qa5 19. c6 Qxa3 20. Qc2 Qa5
21. Ra1 Qb6 22. Rfd1 Rfd8 23. Rxd8+ Bxd8 24. g4 Bc7 25. g5 Ne8 26. Rc1 Nd6 27. Qc5 Qxc5 28. Rxc5 Bb6 29. Rc2 Nc4 30. Kg2 g6
31. Kg3 Kf8 32. h4 Ne5 33. Bg2 Ke7 34. Be4 Kd6 35. Rd2+ Kc5 36. Kf4 Nxc6 37. Rc2+ Kd6 38. f3 a5 39. Rd2+ Kc7 40. Rc2 Kb7
41. Bxc6+ Rxc6 42. Rd2 b4 43. Rd7+ Rc7 44. Rd3 a4 45. Kg4 a3 46. f4 a2 47. Rd1 b3
0-1